书目信息 |
| 题名: |
最后的伊甸园:走进神秘的南太平洋群岛
|
|
| 作者: | 马欣 , 西西 著 | |
| 分册: | ||
| 出版信息: | 北京 世界知识出版社 2017.09 |
|
| 页数: | 227页 | |
| 开本: | 23cm | |
| 丛书名: | ||
| 单 册: | ||
| 中图分类: | K960.9 , P723 | |
| 科图分类: | ||
| 主题词: | 南太平洋--群岛--介绍 , 海洋学--区域 | |
| 电子资源: | ||
| ISBN: | 978-7-5012-5600-6 | |
| 000 | 00846nam0 2200253 450 | |
| 001 | 955 | |
| 005 | 20180927082701.91 | |
| 010 | @a978-7-5012-5600-6@dCNY68.00 | |
| 100 | @a20180412d2017 em y0chiy50 ea | |
| 101 | 0 | @achi |
| 102 | @aCN@b110000 | |
| 105 | @aa z 000yy | |
| 200 | 1 | @a最后的伊甸园:走进神秘的南太平洋群岛@Azui hou de yi dian yuan:zou jin shen mi de nan tai ping yang qun dao@9zui hou de yi dian yuan@e走进神秘的南太平洋群岛@f马欣, 西西著 |
| 210 | @a北京@c世界知识出版社@d2017.09 | |
| 215 | @a227页@c图@d23cm | |
| 517 | 1 | @a走进神秘的南太平洋群岛@9zou jin shen mi de nan tai ping yang qun dao |
| 606 | 0 | @a南太平洋@x群岛@x介绍 |
| 606 | 0 | @a海洋学@x区域 |
| 690 | @aK960.9@v5 | |
| 690 | @aP723@v4 | |
| 701 | 0 | @a马欣@9ma xin@4著 |
| 701 | 0 | @a西西@9xi xi@4著 |
| 801 | 0 | @aCN@b91MARC@c20180412 |
| 905 | @aMuseLib@dP723@e86 | |
| 最后的伊甸园:走进神秘的南太平洋群岛:走进神秘的南太平洋群岛/马欣, 西西著.-北京:世界知识出版社,2017.09 |
| 227页:图;23cm |
| ISBN 978-7-5012-5600-6:CNY68.00 |
| ● |
| 相关链接 |
|
|
|
|
正题名:最后的伊甸园:走进神秘的南太平洋群岛
索取号:P723/86
 
预约/预借
| 序号 | 登录号 | 条形码 | 馆藏地/架位号 | 状态 | 备注 |
| 1 | 1120469 | 211204695 | 第二样本阅览室/ [索取号:P723/86] | 在馆 | |
| 2 | 1120470 | 211204702 | 第三借阅区/ [索取号:P723/86] | 在馆 | |
| 3 | 1120471 | 211204711 | 第三借阅区/ [索取号:P723/86] | 在馆 | |
| 4 | 1120472 | 211204720 | 第三借阅区/ [索取号:P723/86] | 在馆 | |
| 5 | 1120473 | 211204739 | 密集书库-资源管理系/ [索取号:P723/86] | 在馆 |